A Novel : (Record no. 186834)
[ view plain ]
| 000 -LEADER | |
|---|---|
| fixed length control field | 00498 a2200169 4500 |
| 003 - CONTROL NUMBER IDENTIFIER | |
| control field | Nust |
| 005 - DATE AND TIME OF LATEST TRANSACTION | |
| control field | 20230120102952.0 |
| 040 ## - CATALOGING SOURCE | |
| Transcribing agency | Nust |
| 082 ## - DEWEY DECIMAL CLASSIFICATION NUMBER | |
| Classification number | 808.83,BUC |
| 100 ## - MAIN ENTRY--PERSONAL NAME | |
| Personal name | Buck, Pearl S |
| 9 (RLIN) | 50676 |
| 245 ## - TITLE STATEMENT | |
| Title | A Novel : |
| Remainder of title | Imperial Woman / |
| Statement of responsibility, etc. | Pearl S Buck |
| 260 ## - PUBLICATION, DISTRIBUTION, ETC. | |
| Place of publication, distribution, etc. | London |
| Name of publisher, distributor, etc. | Methuen Co |
| Date of publication, distribution, etc. | 1956 |
| 300 ## - PHYSICAL DESCRIPTION | |
| Extent | 432:p |
| 505 ## - FORMATTED CONTENTS NOTE | |
| Formatted contents note | Yehonala (Page-9), TZU HIS (Page-74), The Empress Mother (Page-196), The Empress (Page-323), Old Buddha (Page-377). |
| 650 ## - SUBJECT ADDED ENTRY--TOPICAL TERM | |
| Topical term or geographic name entry element | Novel |
| 9 (RLIN) | 2525 |
| 942 ## - ADDED ENTRY ELEMENTS (KOHA) | |
| Source of classification or shelving scheme | |
| Koha item type | Book |
| Withdrawn status | Lost status | Source of classification or shelving scheme | Damaged status | Not for loan | Permanent Location | Current Location | Shelving location | Date acquired | Full call number | Barcode | Date last seen | Price effective from | Koha item type | Public note |
|---|---|---|---|---|---|---|---|---|---|---|---|---|---|---|
| Military College of Signals (MCS) | Military College of Signals (MCS) | General Stacks | 12/12/2016 | 808.83,BUC | MCS29867 | 12/08/2016 | 12/12/2016 | Book | Almirah No.56, Shelf No.4 |
